| 000 | 00584nam a2200193Ia 4500 | ||
|---|---|---|---|
| 003 | GCL | ||
| 008 | 140319s9999 xx 000 0 eng d | ||
| 040 |
_aGCL / _cGCL |
||
| 082 | 0 | 4 |
_a658.152.42 _bD L |
| 100 | 1 | _aMCLAUGHLIN, JOHN D. | |
| 245 | 1 | 0 |
_aLAND INFORMATION MANAGEMENT: AN INTRODUCTION WITH SPECIAL REFERENCE TO CONDASTRAL PROBLEM IN THIRD WORLD COUNTRIES / _cMCLAUGHLIN, JOHN D. |
| 700 | 1 | _aDALE, PETER F. | |
| 260 |
_a[S.N] : _bELBS ، _c1990 |
||
| 300 | _a266\P | ||
| 650 | 0 | 4 | _aECONOMICS |
| 650 | 0 | 4 | _aTHIRD WORLD |
| 650 | 0 | 4 | _aDEVELOPING COUNTRIES |
| 942 |
_2ddc _cBK |
||
| 999 |
_c20213 _d20213 |
||